Statistics for General Knowledge Pictures - Beginning 'F'

Click here to take the quiz!

General Stats

  • This quiz has been taken 142 times
    (121 since last reset)
  • The average score is 19 of 28

Answer Stats

Answer% Correct
Fir Trees
97%
Fox
97%
Frog
97%
Fingerprint
93%
Falling
90%
Fireman
89%
Fig
88%
Flame
87%
Football
87%
Fog
86%
Flute
84%
Fountain
84%
Fuji
82%
Fez
80%
Feather
76%
Fisherman
75%
Ferret
68%
Fiji
68%
Florida
67%
Roger Federer
65%
Fungi
62%
Foal
58%
Four
55%
Fur Coat
28%
Five
27%
Foxglove
27%
Fool
24%
Flax
5%

Score Distribution

Percentile by Number Answered

Percent of People with Each Score

Your Score History

You have not taken this quiz since the last reset